| 000 | 00713nam a2200241Ia 4500 | ||
|---|---|---|---|
| 001 | dia_6729 | ||
| 003 | CHAP | ||
| 008 | 220117s1962 xx 000 0 und d | ||
| 010 | _a178894 | ||
| 040 | _cCHAP | ||
| 090 | _aF 126 1962 | ||
| 100 |
_aOrganización Panamericana de la Salud _9141821 |
||
| 245 | _aIntroducción al estudio de los artrópodos de importancia en salud pública | ||
| 260 |
_aMéxico : _b Organización Panamericana de la Salud :, _b OMS, _c1962 |
||
| 300 | _a32 p. | ||
| 440 |
_aPublicaciones científicas ; 69 _9163185 |
||
| 901 | _aF 126 1962 | ||
| 902 | _aM | ||
| 905 | _a0000001962 MX 0000000000SPA00 | ||
| 942 | _c12 | ||
| 942 | _c12 | ||
| 999 |
_c178894 _d178894 |
||